000 00566nam a2200193Ia 4500
005 20260114185802.0
008 008 260114s9999 xx 000 0 eng d
020 _a9781350985551
037 _aEBOOK
040 _aCRL
_beng
_cCRL
041 _aeng
_2eng
084 _qCRL
100 _aBarbara Pollack
_9874387
245 0 _aBrand New Art From China A Generation on the Rise
260 _bBloomsbury
_c2018
856 _uhttps://doi.org/10.5040/9781350985551?locatt=label:secondary_bloomsburyCollections
942 _cEBOOK
999 _c1473321
_d1473321